[Event "Wch Seniors 12th"]
[Site "Naumburg"]
[Date "2002.10.24"]
[Round "4"]
[White "Roellig, Wolfgang"]
[Black "Kuhn, Arno"]
[Result "1/2-1/2"]
[WhiteElo "1442"]
[BlackElo "1532"]
[PlyCount "45"]
[EventDate "2002.10.21"]
[EventType "swiss"]
[EventRounds "11"]
[EventCountry "GER"]
[SourceTitle "EXT 2006"]
[Source "ChessBase"]
[SourceDate "2005.11.24"]
[SourceVersion "1"]
[SourceVersionDate "2005.11.24"]
[SourceQuality "1"]

1. d4 d5 2. Bf4 Nf6 3. h3 Bf5 4. Nf3 Nc6 5. e3 e6 6. c3 Bd6 7. Bxd6 Qxd6 8. Bd3 Bxd3 9. Qxd3 0-0 10. 0-0 Rfe8 11. Re1 e5 12. dxe5 Nxe5 13. Nxe5 Qxe5 14. Nd2 c6 15. Rad1 Re7 16. Nf3 Qe4 17. Qxe4 Nxe4 18. Rd4 Rae8 19. Red1 g6 20. Nd2 f5 21. Nxe4 fxe4 22. b3 Rf8 23. c4 1/2-1/2